El testamento de Juan Sebastián Elcano (1526) : (Record n. 36633)

Dettagli MARC
000 -LEADER
fixed length control field 01149nam a2200277 i 4500
003 - CONTROL NUMBER IDENTIFIER
control field IT-RoINE
005 - DATE AND TIME OF LATEST TRANSACTION
control field 20220309105449.0
008 - FIXED-LENGTH DATA ELEMENTS--GENERAL INFORMATION
fixed length control field 210311s2020 sp a |r|||| 001 |dspa u
020 ## - INTERNATIONAL STANDARD BOOK NUMBER
International Standard Book Number 9788447229642 (Editorial Universidad de Sevilla)
020 ## - INTERNATIONAL STANDARD BOOK NUMBER
International Standard Book Number 9788499593654 (Junta de Andalucía)
040 ## - CATALOGING SOURCE
Original cataloging agency SpMaBN
Language of cataloging spa
Transcribing agency SpMaBN IT-RoINE
Description conventions rda
Modifying agency IT-RoINE
100 1# - MAIN ENTRY--PERSONAL NAME
Personal name Romero Tallafigo, Manuel
9 (RLIN) 30220
245 13 - TITLE STATEMENT
Title El testamento de Juan Sebastián Elcano (1526) :
Remainder of title palabras para un autorretrato /
Statement of responsibility, etc Manuel Romero Tallafigo.
260 ## - PUBLICATION, DISTRIBUTION, ETC. (IMPRINT)
Place of publication, distribution, etc Sevilla :
Name of publisher, distributor, etc Editorial Universidad de Sevilla :
-- Junta de Andalucía,
Date of publication, distribution, etc 2020.
300 ## - PHYSICAL DESCRIPTION
Extent 711 p. :
Other physical details il. ;
Dimensions 24 cm.
336 ## - CONTENT TYPE
Content type term Texto
Source rdacontent
337 ## - MEDIA TYPE
Source rdamedia
Media type term unmediated
338 ## - CARRIER TYPE
Source rdacarrier
Carrier type term volume
490 1# - SERIES STATEMENT
Series statement Historia ;
Volume number/sequential designation 364
500 ## - GENERAL NOTE
General note Incluye (p. 653-692) reproducción fotográfica y transcripción del testamento de Juan Sebastián Elcano.
500 ## - GENERAL NOTE
General note Incluye índice.
504 ## - BIBLIOGRAPHY, ETC. NOTE
Bibliography, etc Bibliografía: p. 693-711.
600 14 - SUBJECT ADDED ENTRY--PERSONAL NAME
Personal name Elcano, Juan Sebastián de,
Dates associated with a name ca. 1476-1526
General subdivision Testamento
9 (RLIN) 70976
830 #0 - SERIES ADDED ENTRY--UNIFORM TITLE
9 (RLIN) 70946
Uniform title Colección Historia (Universidad de Sevilla) ;
Volume number/sequential designation 364
942 ## - ADDED ENTRY ELEMENTS (KOHA)
Item type Monografías
Dati di copia
Withdrawn status Lost status Damaged status Not for loan Home library Current library Date acquired Full call number Barcode Date last seen Price effective from Koha item type
        Iglesia Nacional Española en Roma Iglesia Nacional Española en Roma 09/03/2022 BIO 2778 64260 09/03/2022 09/03/2022 Monografías